| 000 | 00668cam a2200241 a 4500 | ||
|---|---|---|---|
| 001 | 3404520 | ||
| 005 | 20240202014206.0 | ||
| 008 | 890503s1988 enk b 001 0 eng c | ||
| 020 | _a0745601146 : | ||
| 020 | _a0745601138 (pbk.) | ||
| 040 |
_aMH _cMH _dDLC |
||
| 082 |
_222 _a306. _bFEM. |
||
| 100 | 1 | _aMoore, Henrietta L. | |
| 245 | 1 | 0 |
_aFeminism and anthropology / _cHenrietta L. Moore. |
| 260 |
_aCambridge, UK : _bPolity Press in association with B. Blackwell, Oxford, UK, _c1988. |
||
| 300 | _aix, 246 p. ; | ||
| 500 | _aIncludes index. | ||
| 650 | 0 | _aSex role. | |
| 650 | 0 | _aWomen. | |
| 650 | 0 | _aEthnology | |
| 650 | 0 | _aFeminist anthropology. | |
| 942 | _cL | ||
| 999 |
_c272 _d272 |
||